Statistics for NCAA Basketball - John R. Wooden Award Winners

Click here to take the quiz!

General Stats

  • This quiz has been taken 129 times
    (22 since last reset)
  • The average score is 29 of 43

Answer Stats

Year Winner College % Correct
2019Zion WilliamsonDuke
100%
2002Jay WilliamsDuke
100%
1984Michael JordanNorth Carolina
95%
2012Anthony DavisKentucky
90%
1997Tim DuncanWake Forest
90%
2007Kevin DurantTexas
86%
1979Larry BirdIndiana State
86%
1983Ralph SampsonVirginia
86%
1991Larry JohnsonUNLV
86%
1985Chris MullinSt. John's
81%
1987David RobinsonNavy
81%
1994Glenn RobinsonPurdue
81%
1977Marques JohnsonUCLA
81%
2015Frank KaminskyWisconsin
81%
2009Blake GriffinOklahoma
81%
1992Christian LaettnerDuke
76%
2010Evan TurnerOhio State
76%
2016Buddy HieldOklahoma
76%
2014Doug McDermottCreighton
76%
2011Jimmer FredetteBYU
76%
1996Marcus CambyMassachusetts
76%
2004Jameer NelsonSaint Joseph's
71%
2013Trey BurkeMichigan
71%
1988Danny ManningKansas
67%
2006J.J. RedickDuke
67%
1999Elton BrandDuke
62%
2008Tyler HansbroughNorth Carolina
62%
2005Andrew BogutUtah
57%
2018Jalen BrunsonVillanova
57%
1978Phil FordNorth Carolina
57%
2017Frank Mason IIIKansas
57%
2000Kenyon MartinCincinnati
57%
2003T.J. FordTexas
57%
1998Antawn JamisonNorth Carolina
52%
1995Ed O'BannonUCLA
48%
2001Shane BattierDuke
48%
1981Danny AingeBYU
33%
1993Calbert CheaneyIndiana
29%
1989Sean ElliottArizona
29%
1990Lionel SimmonsLa Salle
29%
1980Darrell GriffithLouisville
14%
1986Walter BerrySt. John's
5%

Score Distribution

Percentile by Number Answered

Percent of People with Each Score

Your Score History

You have not taken this quiz since the last reset